01131nac a22002651i 4500003000900000005001700009008004100026040004300067082002000110245023400130264003900364300004600403336002600449337002800475338002700503490002500530504005200555650002700607650002500634655001700659700003100676942001200707999001500719952013100734EG-ScBUE20250528100029.0250417s1966 e a f b 001 0 eng d aEG-ScBUEbengerdacEG-ScBUEdEG-ScBUE04a530.42bLAM22200aLaminar boundary layers :ban account of the development, structure, and stability of laminar boundary layers in incompressible fluids, together with a description of the associated experimental techniques /ceditor L. Rosenhead. 1aOxford : bClarendon Press,c1966. axxi, 687 pages :billustrations ;c24 cm. 2rdacontentatextbtxt aunmediated2rdamediabn avolumebnc2rdacarrier0 aFluid motion memoirs aIncludes bibliographical references and index.  7aBoundary layer.2BUEsh 7aLaminar flow.2BUEsh vReading book1 aRosenhead, Louis,eeditor. cBB2ddc c9250d9250 00102ddc40708AlahramaMAINbMAINc1STd2008-04-23ePurchasel0o530.42 LAMp000011329r2025-07-15 00:00:00w2008-04-23yBB